=LDR 00000nam 2200000 4500 =001 INLIS000000000049609 =005 20210324085803 =035 ##$$a 0010-031700000000054 =008 210324###########################0#ind## =020 ##$$a 978-602-0913-02-5 =082 ##$$a 372.214 =090 ##$$a 372.214 tig t =245 ##$$a 30 menit pintar membaca huruf /$c kids edutainer =260 ##$$a jakarta :$b dunia anak,$c 2014 =300 ##$$a 36 hlm : $b ilus ; $c 21 x 29 cm =850 ##$$a NBPNMAT =084 ##$$a 372.214 TIG t =990 ##$$a 21600748 =990 ##$$a 21600746 =990 ##$$a 21600747 =990 ##$$a 21600749 =990 ##$$a 21602791/BPAP-NTB/2017 =990 ##$$a 21600748 =990 ##$$a 21600746 =990 ##$$a 21600747 =990 ##$$a 21600749